000 00695cam a2200169 4500
001 ABS60948
008 000000n1999 000 0 eng u
035 _a(Sirsi) u101493
100 _aLaw, M.
245 _aHow developers can exploit flood risks.
260 _c1999
490 _aCSM (Chartered Surveyor Monthly)
_v8(11/12) July/August 1999, 49(1)
520 _aSuggests that developers may be able to challenge new floodplain information from the Institute of Hydrology. They can acquire the land at the cheaper, blighted rate and then, if they can prove the flood risk is minimal, develop it at a profit.
650 _aFLOODING
690 _aPROPERTY-PROPERTY DEVELOPMENT
942 _n0
999 _c60626
_d60626